| 000 | 00823nam a2200217Ii 4500 | ||
|---|---|---|---|
| 003 | JO-AjNU | ||
| 008 | 230605s9999||||xx |||||||||||||| ||und|| | ||
| 017 | _a1999/3/325 | ||
| 040 |
_aJO-AjNU _bara _erda _cJO-AjNU |
||
| 041 | _aara | ||
| 050 | 1 | 4 | _aKMM104.3.Q83.1999 |
| 100 | 3 |
_aالقيام، خالد رشيد, _eauthor _946453 |
|
| 245 | 0 | 0 | _aشرح عقد التأمين في القانون المدني الأردني : النظرية العامة للتأمين وعقد التأمين |
| 250 | _aط1 | ||
| 264 | 3 | 1 | _aمؤتة : مكتبة ابن خلدون ، 1999 |
| 300 | _a305ص | ||
| 336 |
_atext _btxt _2rdacontent |
||
| 337 |
_aunmediated _bn _2rdamedia |
||
| 338 |
_avolume _bnc _2rdacarrier |
||
| 650 | 4 |
_aالقانون المدني الاردني -- قانون التأمين -- الاردن _946454 |
|
| 999 |
_aA20209 _c23777 _d23777 |
||